Ej, orje Jaňík

Podrobná bibliografia
Médium: Článok
Jazyk:slovenčina
Predmet:

MARC

LEADER 00000nab a2200000 a 4500
001 vtls000718990
003 SK-MaSNL
005 20260302194929.0
008 160414s1999 xo 0 slo
015 |a SNBRH2000/01-03146 
035 |a CLN000071157 
040 |a SNKBUCL  |b slo  |c SNKBUCL  |e AACR2 
041 0 |a slo 
044 |a xo  |c SK 
080 |a 784.4.087.61  |2 1997 
245 0 0 |a Ej, orje Jaňík  |h hudobnina 
650 0 7 |a vokálna tvorba  |x piesne ľudové  |x spev  |2 snkbucl  |9 299789 
650 0 7 |a piesne ľudové  |x spev  |2 snkbucl  |9 289892 
773 0 |w SK01SNK20000330440  |t Ľudové piesne o Banskej Bystrici  |a Šípka, Miloš  |a Banská Bystrica, Mestský úrad 1999  |g S. [7] 
850 |a Slovenská národná knižnica v Martine 
852 |a SNK  |b KIS3GCP 
924 |a spev 
958 |a TL 
958 |a RZH 
999 |c 1450599  |d 1452529